Loading...
History - Other History | 1 | 6 | 0 | 1 | 75 | 68 | 86.14 | 2 | 6 |
History - American History | 3 | 3 | 0 | 1 | 75 | 22 | 76.67 | 1 | 3 |
Fine Arts - Visual Fine Arts | 2 | 4 | 0 | 1 | 70 | 14 | 85.17 | 1 | 5 |
Fine Arts - Auditory Fine Arts | 2 | 4 | 1 | 0 | 65 | 31 | 76.17 | 2 | 4 |
Literature - American Literature | 3 | 2 | 1 | 0 | 60 | 26 | 54.40 | 4 | 5 |
Fine Arts - Other Fine Arts | 2 | 4 | 2 | 1 | 60 | 41 | 87.00 | 2 | 4 |
Literature - European Literature | 1 | 4 | 0 | 0 | 55 | 58 | 86.20 | 1 | 5 |
Literature - British Literature | 1 | 4 | 0 | 2 | 55 | 22 | 98.60 | 3 | 4 |
Mythology | 1 | 3 | 0 | 1 | 45 | 67 | 118.50 | 0 | 2 |
Philosophy | 1 | 3 | 0 | 2 | 45 | 56 | 107.50 | 1 | 3 |
Science - Other Science | 0 | 3 | 0 | 0 | 30 | 87 | 103.00 | 1 | 2 |
Religion | 1 | 1 | 0 | 0 | 25 | 52 | 65.00 | 0 | 2 |
Current Events | 0 | 2 | 0 | 0 | 20 | 100 | 101.50 | 0 | 2 |
Geography | 0 | 2 | 0 | 0 | 20 | 64 | 88.50 | 0 | 2 |
History - World History | 0 | 2 | 0 | 2 | 20 | 139 | 139.00 | 0 | 0 |
Science - Biology | 0 | 2 | 0 | 1 | 20 | 81 | 92.50 | 0 | 1 |
Literature - World Literature | 0 | 2 | 1 | 0 | 15 | 87 | 99.50 | 0 | 1 |
Social Science | 0 | 2 | 2 | 0 | 10 | 99 | 106.00 | 0 | 1 |
Science - Chemistry | 0 | 1 | 0 | 0 | 10 | 96 | 96.00 | 0 | 0 |
Science - Physics | 0 | 1 | 0 | 1 | 10 | 130 | 130.00 | 0 | 1 |
Other Academic | 0 | 1 | 0 | 0 | 10 | 61 | 61.00 | 0 | 1 |
History - European History | 0 | 1 | 1 | 0 | 5 | 98 | 98.00 | 0 | 0 |